| 000 | 00610nam a2200265Ia 4500 | ||
|---|---|---|---|
| 003 | 20180516111720.0 | ||
| 005 | 20180516111740.0 | ||
| 008 | 180207s9999 xx 000 0 und d | ||
| 020 | _a9780439692601 | ||
| 050 | _bW331 2004 | ||
| 100 | _aWaters, Teresa | ||
| 245 | _aIt's a dog's life / | ||
| 245 | _cby Teresa Waters. | ||
| 260 | _aBroadway, New York : | ||
| 260 | _bScholastic, | ||
| 260 | _c2004 | ||
| 300 | _a23 pages : | ||
| 300 | _billustrations ; | ||
| 300 | _c19cm. | ||
| 440 | _aRead 180. | ||
| 500 | _a250 | ||
| 700 | _aSeries. | ||
| 700 | _aTitle. | ||
| 942 |
_2lcc _cLEX |
||
| 999 |
_c354990 _d354990 |
||